000 00661nam a2200193 i 4500
001 61942
003 ES-MaACL
005 20260201162639.0
007 t|
008 031114s1954 sp ||||1| spa d
100 1 _aFaulkner, William,
_d1897-1962
_9242365
245 1 0 _aMientras agonizo
_b: novela /
_cWilliam Faulkner ; traducción del inglés por Agustín Caballero Robredo y Arturo del Hoyo.
260 _aMadrid :
_bAguilar,
_c1954 (
_fYagües)
300 _a243 p. ;
_c20 cm.
700 0 _aCaballero Robredo, Agustín
_933117
700 1 _aHoyo, Arturo del,
_d1917-2004
_964424
852 _aES-MaACL
_jC-6470
_bR.35793
999 _c61942
_d61942